ら行で始まる駅 - Statistics

General Stats
  • This quiz has been taken 35 times
  • The average score is 32 of 93
Answer Stats
Hint Hint Answer % Correct
北海道 留辺蘂
73%
北海道 蘭越
67%
新潟 来迎寺
57%
宮城 陸前原ノ町
57%
宮城 利府
57%
東京 六本木
57%
宮城 陸前山王
53%
滋賀 栗東
53%
兵庫 六甲
53%
宮城 陸前赤井
50%
宮城 陸前落合
50%
宮城 陸前小野
50%
岩手 陸中野田
50%
茨城 龍ケ崎市
50%
東京 両国
50%
東京 六本木一丁目
50%
京都 洛西口
47%
京都 嵐電嵯峨
47%
京都 嵐電天神川
47%
北海道 蘭留
47%
岩手 陸中大橋
47%
岩手 陸中折居
47%
山梨 竜王
47%
茨城 竜ヶ崎
47%
兵庫 六甲道
47%
新潟 礼拝
43%
宮城 陸前山下
43%
岩手 陸中山田
43%
香川 栗林
43%
香川 栗林公園
43%
北海道 礼文
43%
東京 芦花公園
43%
京都 六地蔵
43%
宮城 陸前高砂
40%
岩手 陸中松川
40%
広島 楽々園
37%
宮城 陸前大塚
37%
宮城 陸前白沢
37%
岩手 陸中門崎
37%
岩手 陸中夏井
37%
香川 栗林公園北口
37%
東京 六町
37%
宮城 六丁の目
37%
岐阜 六軒
37%
三重 六軒
37%
宮城 陸前富山
33%
宮城 陸前浜田
33%
宮城 陸前谷地
33%
岩手 陸中川井
33%
岩手 陸中八木
33%
和歌山 林間田園都市
33%
静岡 蓮台寺
33%
宮城 陸前稲井
30%
宮城 陸前豊里
30%
岩手 陸中宇部
30%
岩手 陸中中野
30%
岩手 綾里
30%
大阪 りんくうタウン
30%
静岡 六合
30%
東京 六郷土手
30%
岩手 六原
30%
北海道 ラベンダー畑
27%
北海道 蘭島
27%
岩手 陸前赤崎
27%
大阪 緑地公園
27%
北海道 ロイズタウン
27%
福井 六条
27%
愛知 六番町
27%
福岡 六本松
27%
秋田 陸中大里
23%
京都 龍谷大前深草
23%
京都 龍安寺
23%
福岡 令和コスタ行橋
23%
宮城 連坊
23%
栃木 龍王峡
20%
鹿児島 竜ケ水
20%
群馬 竜舞
20%
愛知 りんくう常滑
20%
山形 梨郷
20%
高知 領石通
17%
神奈川 緑園都市
17%
長崎 霊丘公園体育館
17%
三重 蓮花寺
17%
京都 鹿王院
17%
富山 六渡寺
17%
香川 六万寺
17%
富山 龍谷富山高校前
13%
東京 流通センター
13%
高知 六反地
13%
愛知 六輪
13%
岩手 両石
10%
千葉 リゾートゲートウェイ・ステーション
7%
北海道 ロープウェイ入口
7%
No matching quizzes found
Score Distribution
Percent of People with Each Score
Percentile by Number Answered
Your Score History
You have not taken this quiz